| 000 | 00882nam a22002415b 4500 | ||
|---|---|---|---|
| 003 | OSt | ||
| 005 | 20151118174749.0 | ||
| 008 | 930512s2014 sp | |||| ||spa | ||
| 020 | _a978-99923-879-9-3 | ||
| 040 | _cBMC | ||
| 082 | _a972.84 | ||
| 082 | _a306.7284 | ||
| 245 | 1 | 3 |
_aEl Salvador _b: fiestas populares del rincon mágico _cFotógrafo, Federico Trujillo; coordinación editorial, Lissette de Schilling; escritora, Carmen González Huguet; [traducción, Anna Lucía Canessa] |
| 260 |
_aSan Salvador (El Salvador) _bBanco Agrícola _c2014 |
||
| 300 |
_a155 p. _bil. col _c33x28 cm |
||
| 651 | 2 | 4 |
_93692 _aEl Salvador _xHistoria |
| 651 | 2 | 4 |
_99267 _aEl Salvador _xUsos y costumbres |
| 700 | 1 |
_98345 _aTrujillo, Federico |
|
| 700 | 1 |
_937293 _aSchilling, Lissette de |
|
| 700 | 1 |
_929555 _aGonzález Huguet, Carmen |
|
| 700 | 1 |
_937352 _aCanessa, Anna Lucía |
|
| 942 |
_cBK _2ddc |
||
| 999 |
_c22932 _d22932 |
||